| 000 | 00921nas a2200289 4500 | ||
|---|---|---|---|
| 001 | BR0405796 | ||
| 003 | BR-BrBNA | ||
| 005 | 20231205105024.0 | ||
| 007 | ta | ||
| 008 | 230509b bl.|||p| |||| 00| 00por d | ||
| 040 |
_aBR-BrBNA _bpor _cBiblioteca Nacional de Agricultura |
||
| 041 | _a(Pt) | ||
| 072 | _aE50; E80 | ||
| 100 | 1 | _aAndrade, V.D.A. | |
| 100 | 1 | _aLoreto, M. das D.S. de | |
| 100 | 1 | _aCoelho, N.M.A. | |
| 100 | 1 | _aLima, J.E. de | |
| 245 | 1 | _aA violência contra mulheres: identificação de uma tipologia e da relação com o microssistema familiar | |
| 650 | _aMULHER | ||
| 650 | _aFAMÍLIA | ||
| 650 | _aDESENVOLVIMENTO SOCIAL | ||
| 650 | _aECONOMIA DOMÉSTICA | ||
| 650 | _aESPÍRITO SANTO | ||
| 773 | 0 |
_tOIKOS - Revista Brasileira de Economia Doméstica (Brazil) _xISSN 0101-5273 _g(2000), v. 12(2) p. 17-38 _wBR0405796 |
|
| 909 |
_a202311 _bLúcia _c55 _dLúcia Elande |
||
| 942 |
_2AGRIS _n0 _cANA |
||
| 999 |
_c180819 _d180819 |
||